000 00637nab a2200181 4500
001 244442
003 OSt
005 20260209115523.0
007 tu
008 260209s2020|||||||
040 _aDE-2950
_cDE-2950
245 0 0 _aViel los beim Neujahrstreffen
_bRathaus. Aus dem Neujahrsempfang wurde das Neujahrstreffen: Viele folgten der Einladung fast aller Fraktionen der SVV außer der AfD. Was der OB zu sagen hatte.
_cThomas Meiler
264 _c2025
653 _aFrankfurt (Oder)
653 _aNeujahrstreffen SVV
773 0 _g37. Jahrgang (2026) Nr. 21 vom 26.01.2026 , S. 11 mit Fotos
_tMärkische Oderzeitung
942 _2z
_cA
999 _c374262
_d374262